<?xml version="1.0" encoding="UTF-8"?>
<collection xmlns="http://www.loc.gov/MARC21/slim">
 <record>
  <leader>00852cam a2200205 7i4500</leader>
  <controlfield tag="001">0000004391</controlfield>
  <controlfield tag="005">20071009090000.0</controlfield>
  <datafield tag="035" ind1="0" ind2="0">
   <subfield code="a">0087-42860</subfield>
  </datafield>
  <datafield tag="090" ind1="0" ind2="0">
   <subfield code="a">SH 307 A75 </subfield>
   <subfield code="b">M8</subfield>
  </datafield>
  <datafield tag="100" ind1="1" ind2="0">
   <subfield code="a">Murdoch </subfield>
  </datafield>
  <datafield tag="245" ind1="1" ind2="0">
   <subfield code="a">Preliminary design and general arrangement for an offshore purse-scine vessel for the east coast of West Malaysia  </subfield>
   <subfield code="c">W.R. Murdoch and W.D. Cleaver.</subfield>
  </datafield>
  <datafield tag="260" ind1="0" ind2="0">
   <subfield code="a">Manila: </subfield>
   <subfield code="b">South China Sea Fisheries Development &amp; Coordinating Programme, </subfield>
   <subfield code="c">1975.</subfield>
  </datafield>
  <datafield tag="300" ind1="#" ind2="#">
   <subfield code="a">1v. (various pagings); </subfield>
   <subfield code="c">28 cm..</subfield>
  </datafield>
  <datafield tag="490" ind1="0" ind2="0">
   <subfield code="a">Work plan implementation (Working paper); </subfield>
   <subfield code="v">SCS/</subfield>
  </datafield>
  <datafield tag="650" ind1="0" ind2="0">
   <subfield code="a">Seining </subfield>
  </datafield>
  <datafield tag="650" ind1="0" ind2="0">
   <subfield code="a">Purse seining </subfield>
  </datafield>
  <datafield tag="650" ind1="0" ind2="0">
   <subfield code="a">Fisheries -- </subfield>
   <subfield code="z">Malaysia, Semenanjung </subfield>
  </datafield>
  <datafield tag="700" ind1="1" ind2="1">
   <subfield code="a">Cleaver, </subfield>
   <subfield code="h">W. D. </subfield>
  </datafield>
  <datafield tag="830" ind1="0" ind2="0">
   <subfield code="a">Working paper SCS/75/WP/1 South China Sea Fisheries Development and Coordinating Programme;</subfield>
  </datafield>
  <datafield tag="999" ind1=" " ind2=" ">
   <subfield code="a">1000394650</subfield>
   <subfield code="b">Book</subfield>
   <subfield code="c">Open Shelf</subfield>
   <subfield code="e">KOLEKSI TERBUKA</subfield>
  </datafield>
 </record>
</collection>
